| 000 | 00934nam a22002057a 4500 | ||
|---|---|---|---|
| 999 |
_c371840 _d371840 |
||
| 008 | 201222b ||||| |||| 00| 0 eng d | ||
| 040 |
_bger _cDE-2950 _erda _aDE-2950 |
||
| 041 | _ager | ||
| 100 | _aGasiecki, Joachim: | ||
| 245 |
_aDer silberne Schatz an der Oder. _bDie Stiftung Brandenburg ist in der weiteren Region mit vielen Institutionen vernetzt. Kürzlich erhielten wir aus Frankfurt (Oder) die Information über das Ankaufsvorhaben "Küstriner Silber". |
||
| 264 | _c2022 | ||
| 600 | _aBeyme, Karl Friedrich von; Politiker, Staatsminister, Jurist, 1765-1838 | ||
| 653 | _aKüstrin | ||
| 653 | _aSilbergefäße | ||
| 773 |
_dFürstenwalde: Landsmannschaft Ostbrandenburg/ Neumark e.V. _tOstbrandenburg-Neumark-Kurier: Informationsblatt der Landsmannschaft Ostbrandenburg/Neumark e.V. _g36. Jahrgang (2022) Nr. 2, Juni 2022, S. 10 |
||
| 942 | _cA | ||